Normal view
MARC view
- Set Theory Problems, Exercises, etc
Entry Topical Term
001 - CONTROL NUMBER
- control field: 125738
003 - CONTROL NUMBER IDENTIFIER
- control field: NUST
005 - DATE AND TIME OF LATEST TRANSACTION
- control field: 20240910094318.0
008 - FIXED-LENGTH DATA ELEMENTS
- fixed length control field: 240910|| aca||aabn | a|a d
040 ## - CATALOGING SOURCE
- Original cataloging agency: NUST
- Transcribing agency: NUST
150 ## - HEADING--TOPICAL TERM
- Topical term or geographic name entry element: Set Theory Problems, Exercises, etc
670 ## - SOURCE DATA FOUND
- Source citation: Work cat.: (NUST): Lipschutz, Seymour 8529, Schaum's Outline of Theory and Problems of Set Theory and Related Topics, 1999.
